LIBRARY & INFORMATION CENTRE, KCAET, TAVANUR

ONLINE PUBLIC ACCESS CATALOGUE (OPAC)

Adhyatma Ramayanam : Ayodhyakandam / (Record no. 581)

MARC details
000 -LEADER
fixed length control field 00645cam a2200217ua 4500
041 ## - LANGUAGE CODE
Language code of text/sound track or separate title mal
082 ## - DEWEY DECIMAL CLASSIFICATION NUMBER
Classification number 894.812 1
Item number SAN/AD
100 ## - MAIN ENTRY--AUTHOR NAME
Personal name Sandeepani, .
245 00 - TITLE STATEMENT
Title Adhyatma Ramayanam : Ayodhyakandam /
260 ## - PUBLICATION, DISTRIBUTION, ETC. (IMPRINT)
Place of publication Kozhikode :
Name of publisher Touring book stall ,
Year of publication 1972.
300 ## - PHYSICAL DESCRIPTION
Number of Pages 160 ; .
490 0# - SERIES STATEMENT
Series statement Purana Kayammala Series,
Volume number/sequential designation
650 ## - SUBJECT ADDED ENTRY--TOPICAL TERM
Topical Term Poems - Malayalam
942 ## - ADDED ENTRY ELEMENTS (KOHA)
Koha item type Books
Holdings
Withdrawn status Lost status Damaged status Home library Current library Date acquired Full call number Accession Number Koha item type
Withdrawn   Damaged KAUAET KAUAET 07/04/2012 894.812 1 13329 Books
free website counter